Connais-tu Dreuil-lès-Amiens ? - Statistiques

Statistiques générales
  • Ce quiz a été pris 4 fois
  • Le résultat moyen est 6 sur 12
Statistiques - réponses
Hint Réponse % Correct
Combien de femmes ont-elles été élues mairesses de Dreuil-lès-Amiens ? 2
100%
Combien de médecins exercent dans la commune ? 4
67%
Combien d'habitants compte Dreuil-lès-Amiens ? Moins de 1 500, entre 1 500 et 2 000 ou plus de 2 000 ? Entre 1 500 et 2 000
67%
La Somme traverse-t-elle le territoire communal ? Oui
67%
La gare communale est-elle desservie par les trains à destination d'Abbeville ? Oui
67%
Peut-on pratiquer des sports de glisse à Dreuil-lès-Amiens ? Oui
67%
Parmi les suivantes, quelle ville n'est pas limitrophe de Dreuil-lès-Amiens ? Saveuse, Argoeuves ou Pont-de-Metz ? Pont-de-Metz
67%
Quel est le numéro de la ligne de bus qui dessert la commune ? 16
33%
En quelle année une Dreuilloise a-t-elle été élue Miss France ? 1953
33%
Dreuil-lès-Amiens est située à l'Ouest ou à l'Est d'Amiens ? À l'Ouest
33%
De quelle personnalité républicaine l'école communale porte-elle le nom ? Jules Ferry
33%
Quand fut achevée la construction de l'Église communale ? En 1862
0%
Aucun quiz correspondant
Distribution des résultats
% des personnes avec chaque résultat
Percentile par nombre de réponses
Votre historique - résultats
Vous n’avez pas pris ce quiz